Modelling and Simulation : (Record no. 17254)
[ view plain ]
| 000 -LEADER | |
|---|---|
| fixed length control field | 00733cam a22002297a 4500 |
| 001 - CONTROL NUMBER | |
| control field | 14730278 |
| 005 - DATE AND TIME OF LATEST TRANSACTION | |
| control field | 20161023152045.0 |
| 008 - FIXED-LENGTH DATA ELEMENTS--GENERAL INFORMATION | |
| fixed length control field | 070209s2007 enka b 001 0 eng |
| 020 ## - INTERNATIONAL STANDARD BOOK NUMBER | |
| International Standard Book Number | 1846286212 (hbk.) |
| 020 ## - INTERNATIONAL STANDARD BOOK NUMBER | |
| International Standard Book Number | 9781846286216 (hbk.) |
| 020 ## - INTERNATIONAL STANDARD BOOK NUMBER | |
| Cancelled/invalid ISBN | 9781846286212 (ebk.) |
| 082 04 - DEWEY DECIMAL CLASSIFICATION NUMBER | |
| Classification number | 658.40352 |
| Edition number | 22 |
| Item number | BIR |
| 100 1# - MAIN ENTRY--PERSONAL NAME | |
| Personal name | Birta, Louis G. |
| 9 (RLIN) | 32477 |
| 245 10 - TITLE STATEMENT | |
| Title | Modelling and Simulation : |
| Remainder of title | Exploring Dynamic System Behaviour / |
| Statement of responsibility, etc | Louis G. Birta and Gilbert Arbez. |
| 260 ## - PUBLICATION, DISTRIBUTION, ETC. (IMPRINT) | |
| Place of publication, distribution, etc | London : |
| Name of publisher, distributor, etc | Springer, |
| Date of publication, distribution, etc | 2007. |
| 300 ## - PHYSICAL DESCRIPTION | |
| Extent | xvii, 454 p. : |
| Other physical details | ill. ; |
| Dimensions | 25 cm. |
| 650 #0 - SUBJECT ADDED ENTRY--TOPICAL TERM | |
| Topical term or geographic name as entry element | Computer simulation. |
| 9 (RLIN) | 32478 |
| 653 ## - INDEX TERM--UNCONTROLLED | |
| Resource For college | |
| Arrived date list | February2013 |
| 650 #0 - SUBJECT ADDED ENTRY--TOPICAL TERM | |
| 9 (RLIN) | 32479 |
| Topical term or geographic name as entry element | Discrete-time systems |
| 700 1# - ADDED ENTRY--PERSONAL NAME | |
| Personal name | Arbez, Gilbert. |
| 9 (RLIN) | 32480 |
| 942 ## - ADDED ENTRY ELEMENTS (KOHA) | |
| Source of classification or shelving scheme | Dewey Decimal Classification |
| Item type | Book - Borrowing |
| Withdrawn status | Item status | Source of classification or shelving scheme | Damaged status | Not for loan | Vendor | Home library | Current library | Shelving location | Date acquired | Source of acquisition | Cost, normal purchase price | Serial Enumeration / chronology | Total Checkouts | Total Renewals | Full call number | Barcode | Date last seen | Date last borrowed | Koha item type |
|---|---|---|---|---|---|---|---|---|---|---|---|---|---|---|---|---|---|---|---|
| Dewey Decimal Classification | Baccah | Central Library | Central Library | First floor | 06/02/2013 | 510.00 | 16976 | 1 | 14 | 658.40352 BIR | 000028025 | 15/07/2025 | 13/01/2019 | Book - Borrowing |